| 000 | 00411nam a2200181Ia 4500 | ||
|---|---|---|---|
| 005 | 20250603145547.0 | ||
| 008 | 250603s9999 xx 000 0 und d | ||
| 020 | _a978-1-85326-000-1 | ||
| 050 | _aPR 4034 .P7/ | ||
| 100 | _aAusten, Jane | ||
| 245 | 0 | _aPride and prejudice | |
| 260 | _aLondon | ||
| 260 | _bWordsworth Classics | ||
| 260 | _c1993 | ||
| 300 | _a329 p | ||
| 650 | _aLondon | ||
| 942 | _cBK | ||
| 999 |
_c42213 _d42213 |
||